City Names In Irish #1 - Statistics

General Stats
  • This quiz has been taken 69 times
  • The average score is 19 of 24
Answer Stats
Irish English % Correct
Londain London
98%
Páras Paris
98%
Prág Prague
98%
Stócólm Stockholm
97%
Abú Daibí Abu Dhabi
95%
Béising Beijing
94%
Baile Átha Cliath Dublin
94%
Liospóin Lisbon
94%
Glaschú Glasgow
91%
Búcarist Bucharest
89%
An Róimh Rome
88%
An Bhruiséil Brussels
86%
Ságrab Zagreb
86%
Cóbanhábhan Copenhagen
84%
Tóiceo Tokyo
78%
Nua-Eabhrac New York
73%
Moinsc Minsk
69%
Cathair Mheicsiceo Mexico City
67%
Learpholl Liverpool
66%
An Aithin Athens
64%
Luimneach Limerick
58%
Dún Éideann Edinburgh
45%
Mhársá Warsaw
33%
Mhín Vienna
27%
No matching quizzes found
Score Distribution
Percent of People with Each Score
Percentile by Number Answered
Your Score History
You have not taken this quiz